000 00515nam a2200169Ia 4500
005 20250508163919.0
008 008 250505s9999 xx 000 0 eng d
037 _aReference
040 _aFEDL
_beng
_cFEDL
041 _aeng
_2eng
084 _a330.9, UND
_qFEDL
245 0 _aHuman development report 2002: Deepening democracy in a fragmented world
260 _aNew Delhi, India
_bOxford University Press
_c2002
300 _axiv,277p.
942 _cREF
_h330.9, UND
999 _c1385939
_d1385939